Jerónimo y su almohada y Notas diversas /

保存先:
書誌詳細
第一著者: Larreta, Enrique (autor)
フォーマット: 図書
言語:スペイン語
出版事項: Buenos Aires, Argentina : Espasa-Calpe, 1946, c1946
シリーズ:(Austral ; 560)
主題:
タグ: タグ追加
タグなし, このレコードへの初めてのタグを付けませんか!

MARC

LEADER 00000nam^a2200000^a^4500
001 000278999
005 20250521000000.0
009 20260310111421.272
037 |a Acervo Xavier Clavigero 
041 |a ESP 
082 |a 808.  |b AUS V. 560 
100 |a Larreta, Enrique  |e (autor) 
240 1 1 |a [Jerónimo y su almohada] 
240 1 1 |a [Notas diversas (de Enrique Larreta)] 
245 1 0 |a Jerónimo y su almohada y Notas diversas /  |c E. Larreta. 
264 4 |a Buenos Aires, Argentina :  |b Espasa-Calpe,  |c 1946, c1946 
300 |a 172 p. 
336 |a texto  |b txt  |2 rdacontenido 
337 |a sin mediación  |b n  |2 rdamedio 
338 |a volumen  |b nc  |2 rdasoporte 
440 1 |a (Austral ;  |v 560) 
649 |a XX 
650 |a Teatro Argentino 
650 |a Prosa Poética Argentina 
650 |a Ensayos Argentinos 
650 |a Literatura Argentina -  |y Siglo XX 
740 0 |a Notas diversas /  |c E. Larreta. 
910 |a Fondo General 
920 |a Impresos - Libros 
930 |a Colección General 
940 |a Literatura 
905 |a 101 
901 |a 007500  |b IT1  |c LIT  |u 20250521 
902 |a https://opac.biblio.iteso.mx/vufind/Record/000278999